[Event "SM-2022-0-00478"]
[Site "LSS email"]
[Date "2022.08.26"]
[Round "?"]
[White "Nicolaescu, Nicolae"]
[Black "Baltar, Antoni"]
[Result "1/2-1/2"]
[WhiteElo "2211"]
[BlackElo "2200"]
[PlyCount "81"]
[EventDate "2022.07.13"]
[EventType "tourn (corr)"]
[EventRounds "6"]
[EventCountry "GER"]
[SourceTitle "Corr 2024"]
[Source "ChessBase"]
[SourceDate "2023.10.19"]
[SourceVersion "1"]
[SourceVersionDate "2023.10.19"]
[SourceQuality "1"]

1. d4 Nf6 2. c4 e5 3. dxe5 Ng4 4. Nf3 Bc5 5. e3 Nc6 6. Be2 Ngxe5 7. Nxe5 Nxe5 8. Nc3 d6 9. 0-0 0-0 10. f4 Nd7 11. Bf3 Re8 12. Qd3 Nf6 13. Bd2 c6 14. Na4 Bg4 15. Nxc5 dxc5 16. Qc2 Qd7 17. Rad1 Qe6 18. b3 Bf5 19. Qb2 Rad8 20. Rfe1 Ne4 21. Bc3 f6 22. Rxd8 Rxd8 23. Rd1 Rxd1+ 24. Bxd1 Qd7 25. Bc2 Qe8 26. Be1 Nd6 27. Kf2 Kf7 28. h3 Be4 29. Bd1 b6 30. Bh5+ Bg6 31. Bxg6+ hxg6 32. Qc2 b5 33. Qd3 Qd7 34. cxb5 cxb5 35. e4 Qc6 36. e5 Nf5 37. exf6 gxf6 38. Qf3 Qd7 39. Qe4 Ne7 40. g4 a6 41. Kg3 1/2-1/2

[Event "SM-2022-0-00478"]
[Site "LSS email"]
[Date "2022.08.26"]
[Round "?"]
[White "Ozen, Bahadir"]
[Black "Nicolaescu, Nicolae"]
[Result "1/2-1/2"]
[WhiteElo "2246"]
[BlackElo "2211"]
[PlyCount "45"]
[EventDate "2022.07.13"]
[EventType "tourn (corr)"]
[EventRounds "6"]
[EventCountry "GER"]
[SourceTitle "Corr 2024"]
[Source "ChessBase"]
[SourceDate "2023.10.19"]
[SourceVersion "1"]
[SourceVersionDate "2023.10.19"]
[SourceQuality "1"]

1. d4 Nf6 2. c4 g6 3. Nc3 d5 4. cxd5 Nxd5 5. e4 Nxc3 6. bxc3 Bg7 7. Nf3 c5 8. Rb1 0-0 9. Be2 cxd4 10. cxd4 Qa5+ 11. Bd2 Qxa2 12. 0-0 Bg4 13. Be3 Nc6 14. d5 Bxf3 15. Bxf3 Ne5 16. Be2 Nc4 17. Bg5 Rfc8 18. Rxb7 Bf6 19. Bxf6 exf6 20. Bg4 Rcb8 21. Rxb8+ Rxb8 22. d6 h5 23. Bh3 1/2-1/2

[Event "LSS SA-2020-0-00741"]
[Site "LSS email"]
[Date "2020.11.30"]
[Round "?"]
[White "Weiss, Lester"]
[Black "Nicolaescu, Nicolae"]
[Result "1/2-1/2"]
[WhiteElo "2028"]
[BlackElo "2104"]
[PlyCount "69"]
[EventDate "2020.10.11"]
[EventType "tourn (corr)"]
[EventRounds "6"]
[EventCountry "GER"]
[SourceTitle "Corr 2024"]
[Source "ChessBase"]
[SourceDate "2023.10.19"]
[SourceVersion "1"]
[SourceVersionDate "2023.10.19"]
[SourceQuality "1"]

1. c4 Nf6 2. g3 g6 3. Bg2 Bg7 4. Nc3 0-0 5. d4 d6 6. Nf3 c5 7. 0-0 Nc6 8. d5 Na5 9. Nd2 e6 10. Qc2 exd5 11. cxd5 Re8 12. b3 b5 13. Bb2 b4 14. Nce4 Nxe4 15. Nxe4 f5 16. Nd2 Ba6 17. Bxg7 Kxg7 18. Rfe1 Bxe2 19. a3 Nb7 20. Nf1 Bxf1 21. Bxf1 Rxe1 22. Rxe1 a5 23. Qb2+ Kg8 24. Bb5 Qf8 25. axb4 cxb4 26. Bc6 Rb8 27. Bxb7 Rxb7 28. Qe2 Kg7 29. Qa6 Re7 30. Rxe7+ Qxe7 31. Qxa5 Qe1+ 32. Kg2 Qe4+ 33. Kg1 Qe1+ 34. Kg2 Qe4+ 35. Kg1 1/2-1/2

[Event "LSS SA-2020-0-00741"]
[Site "LSS email"]
[Date "2020.11.29"]
[Round "?"]
[White "Pilgram, Kurt"]
[Black "Nicolaescu, Nicolae"]
[Result "1/2-1/2"]
[WhiteElo "2165"]
[BlackElo "2104"]
[PlyCount "73"]
[EventDate "2020.10.11"]
[EventType "tourn (corr)"]
[EventRounds "6"]
[EventCountry "GER"]
[SourceTitle "Corr 2024"]
[Source "ChessBase"]
[SourceDate "2023.10.19"]
[SourceVersion "1"]
[SourceVersionDate "2023.10.19"]
[SourceQuality "1"]

1. d4 Nf6 2. c4 g6 3. Nc3 d5 4. cxd5 Nxd5 5. e4 Nxc3 6. bxc3 Bg7 7. Nf3 c5 8. Rb1 0-0 9. Be2 cxd4 10. cxd4 Qa5+ 11. Bd2 Qxa2 12. 0-0 b6 13. Qc1 Qe6 14. Re1 Ba6 15. Bd1 Rc8 16. Qa3 Bc4 17. d5 Qd7 18. Bf4 Qe8 19. Be5 Bf6 20. Ba1 Bxa1 21. Qxa1 Rc5 22. h4 Nd7 23. Nd2 h5 24. Nxc4 Rxc4 25. Bb3 Rc5 26. e5 Nf8 27. d6 Qd7 28. Qd4 Rac8 29. Qf4 Ne6 30. Qh6 a5 31. f4 a4 32. Ba2 Rc2 33. Bd5 exd6 34. f5 gxf5 35. Rbd1 Qe7 36. Rf1 Qxh4 37. Rxf5 1/2-1/2

[Event "LSS SA-2020-0-00739"]
[Site "LSS email"]
[Date "2020.10.22"]
[Round "?"]
[White "Avellan, Fernando"]
[Black "Nicolaescu, Nicolae"]
[Result "1/2-1/2"]
[WhiteElo "2002"]
[BlackElo "2108"]
[PlyCount "71"]
[EventDate "2020.09.21"]
[EventType "tourn (corr)"]
[EventRounds "6"]
[EventCountry "GER"]
[SourceTitle "Corr 2024"]
[Source "ChessBase"]
[SourceDate "2023.10.19"]
[SourceVersion "1"]
[SourceVersionDate "2023.10.19"]
[SourceQuality "1"]

1. e4 c5 2. Nf3 Nc6 3. Bb5 g6 4. Bxc6 dxc6 5. 0-0 Bg7 6. h3 e5 7. d3 Ne7 8. Nbd2 0-0 9. a4 Qc7 10. a5 Be6 11. Ng5 Bd7 12. Ngf3 h6 13. Qe2 Be6 14. b3 f6 15. Bb2 g5 16. Rfb1 Ng6 17. Nc4 h5 18. Ne3 Rf7 19. Nd2 Nf4 20. Qd1 Qd7 21. Qe1 Ng6 22. Rd1 Bh6 23. Qe2 g4 24. g3 Bxe3 25. Qxe3 h4 26. Qxc5 Rh7 27. Kg2 hxg3 28. fxg3 Rxh3 29. Rh1 Qh7 30. Bc3 Qh6 31. Raf1 Kf7 32. Qg1 Rh8 33. Rxh3 Qxh3+ 34. Kf2 Qh2+ 35. Qxh2 Rxh2+ 36. Kg1 1/2-1/2

[Event "LSS SA-2020-0-00739"]
[Site "LSS email"]
[Date "2020.10.21"]
[Round "?"]
[White "Bhaskar, Adithya"]
[Black "Nicolaescu, Nicolae"]
[Result "0-1"]
[WhiteElo "2078"]
[BlackElo "2108"]
[PlyCount "66"]
[EventDate "2020.09.21"]
[EventType "tourn (corr)"]
[EventRounds "6"]
[EventCountry "GER"]
[SourceTitle "Corr 2024"]
[Source "ChessBase"]
[SourceDate "2023.10.19"]
[SourceVersion "1"]
[SourceVersionDate "2023.10.19"]
[SourceQuality "1"]

1. d4 Nf6 2. c4 g6 3. g3 Bg7 4. Bg2 0-0 5. Nc3 d6 6. Nf3 Nc6 7. 0-0 e5 8. d5 Nb8 9. e4 a5 10. b3 Na6 11. Rb1 Nc5 12. Re1 Bd7 13. h3 Qc8 14. Kh2 b6 15. a3 Qe8 16. Bd2 Nd3 17. Rf1 Nc5 18. Qc2 a4 19. b4 Nb3 20. Be3 Nh5 21. Nb5 Rc8 22. Nd2 Nxd2 23. Bxd2 Bxb5 24. cxb5 Qxb5 25. Bf3 c6 26. Rfc1 cxd5 27. Qxc8 Rxc8 28. Rxc8+ Bf8 29. Bxh5 Kg7 30. Bg4 h5 31. Be6 Qe2 32. Kg1 Qxd2 33. Bxd5 h4 0-1

[Event "LSS SA-2020-0-00739"]
[Site "LSS email"]
[Date "2020.10.21"]
[Round "?"]
[White "Nicolaescu, Nicolae"]
[Black "Avellan, Gerardo"]
[Result "1/2-1/2"]
[WhiteElo "2108"]
[BlackElo "2033"]
[PlyCount "64"]
[EventDate "2020.09.21"]
[EventType "tourn (corr)"]
[EventRounds "6"]
[EventCountry "GER"]
[SourceTitle "Corr 2024"]
[Source "ChessBase"]
[SourceDate "2023.10.19"]
[SourceVersion "1"]
[SourceVersionDate "2023.10.19"]
[SourceQuality "1"]

1. d4 d5 2. c4 c6 3. Nf3 Nf6 4. Nc3 e6 5. e3 Nbd7 6. Bd3 dxc4 7. Bxc4 b5 8. Bd3 Bb7 9. 0-0 a6 10. e4 c5 11. d5 Qc7 12. dxe6 fxe6 13. Ng5 Qc6 14. Qe2 c4 15. Bc2 Bc5 16. Be3 0-0 17. Rad1 Rad8 18. h3 h6 19. Nf3 Qc7 20. Nd4 Rde8 21. a3 Bb6 22. Rc1 Ne5 23. f4 Nc6 24. Nxc6 Qxc6 25. Qf2 Ba5 26. e5 Bxc3 27. bxc3 Ne4 28. Bxe4 Qxe4 29. Rcd1 Rd8 30. Rd6 Rxd6 31. exd6 e5 32. d7 Qd5 1/2-1/2

[Event "LSS SA-2020-0-00739"]
[Site "LSS email"]
[Date "2020.10.21"]
[Round "?"]
[White "Nicolaescu, Nicolae"]
[Black "Cleto Junior, Dirceu"]
[Result "1/2-1/2"]
[WhiteElo "2108"]
[BlackElo "2038"]
[PlyCount "28"]
[EventDate "2020.09.21"]
[EventType "tourn (corr)"]
[EventRounds "6"]
[EventCountry "GER"]
[SourceTitle "Corr 2024"]
[Source "ChessBase"]
[SourceDate "2023.10.19"]
[SourceVersion "1"]
[SourceVersionDate "2023.10.19"]
[SourceQuality "1"]

1. e4 c5 2. c3 Nf6 3. e5 Nd5 4. d4 cxd4 5. Nf3 Nc6 6. cxd4 d6 7. Bc4 Nb6 8. Bb5 dxe5 9. Nxe5 Bd7 10. Nxd7 Qxd7 11. Nc3 e6 12. 0-0 a6 13. Bxc6 Qxc6 14. Be3 Nd5 1/2-1/2

[Event "SA-2020-0-00714"]
[Site "LSS email"]
[Date "2020.01.31"]
[Round "?"]
[White "Nicolaescu, Nicolae"]
[Black "Rodriguez, Raul"]
[Result "1-0"]
[WhiteElo "1999"]
[BlackElo "2057"]
[PlyCount "83"]
[EventDate "2019.12.29"]
[EventType "tourn (corr)"]
[EventRounds "6"]
[EventCountry "GER"]
[SourceTitle "Corr 2022"]
[Source "ChessBase"]
[SourceDate "2021.10.24"]
[SourceVersion "1"]
[SourceVersionDate "2021.10.24"]
[SourceQuality "1"]

1. e4 e6 2. d4 d5 3. Nc3 Nf6 4. e5 Nfd7 5. f4 a6 6. Nf3 c5 7. Ne2 Nc6 8. g3 Be7 9. c3 b5 10. Be3 0-0 11. Bh3 a5 12. 0-0 b4 13. Rc1 Nb6 14. Bf2 c4 15. Ra1 a4 16. a3 bxa3 17. bxa3 Rb8 18. g4 f6 19. exf6 Bxf6 20. Qc2 Be7 21. Bg3 Rb7 22. f5 exf5 23. gxf5 g6 24. Ne5 Nxe5 25. dxe5 Bc5+ 26. Kh1 Qg5 27. e6 Qh6 28. Nf4 Re7 29. Rab1 Bb7 30. Qd1 Bc6 31. fxg6 d4+ 32. Bg2 Bxg2+ 33. Kxg2 dxc3 34. h4 hxg6 35. Rb5 Be3 36. Rg5 Bxf4 37. Bxf4 c2 38. Qxc2 Rxe6 39. Re1 Ref6 40. Qe4 Qg7 41. Be5 Re8 42. Qb1 1-0

[Event "SA-2020-0-00714"]
[Site "LSS email"]
[Date "2020.01.30"]
[Round "?"]
[White "Nicolaescu, Nicolae"]
[Black "Lombart, Philippe"]
[Result "1/2-1/2"]
[WhiteElo "1999"]
[BlackElo "1997"]
[PlyCount "109"]
[EventDate "2019.12.29"]
[EventType "tourn (corr)"]
[EventRounds "6"]
[EventCountry "GER"]
[SourceTitle "Corr 2022"]
[Source "ChessBase"]
[SourceDate "2021.10.24"]
[SourceVersion "1"]
[SourceVersionDate "2021.10.24"]
[SourceQuality "1"]

1. e4 e5 2. Nf3 Nc6 3. Bc4 Bc5 4. c3 Nf6 5. d3 d6 6. a4 a6 7. b4 Ba7 8. 0-0 0-0 9. h3 Ne7 10. Re1 Ng6 11. Nbd2 Be6 12. Bxe6 fxe6 13. Nf1 Nh5 14. d4 exd4 15. cxd4 c5 16. dxc5 dxc5 17. bxc5 Bxc5 18. Be3 Bxe3 19. Rxe3 Nhf4 20. g3 Nxh3+ 21. Kg2 Ngf4+ 22. gxf4 Nxf4+ 23. Kh1 Qf6 24. N1h2 Nh3 25. Ra2 Rad8 26. Qe1 Nf4 27. Qf1 Rc8 28. Rd2 Rfd8 29. e5 Qg6 30. Rd6 Rf8 31. Re1 Qh6 32. Rc1 Qg6 33. Rcd1 Qh6 34. Rc1 Qg6 35. Rxc8 Rxc8 36. Rd1 Qe4 37. Rd4 Qf5 38. Qe1 b5 39. Qe3 Nd5 40. Qg5 Qxg5 41. Nxg5 b4 42. Rd2 b3 43. Rb2 Rc1+ 44. Kg2 Rc3 45. Ne4 Nf4+ 46. Kg1 Nd3 47. Nxc3 Nxb2 48. Kf1 Nc4 49. Nf3 b2 50. Ke2 h6 51. Kd3 Na3 52. Nd2 h5 53. f4 Kf7 54. Ke3 a5 55. Ke4 1/2-1/2